000 00650nam a22002057a 4500
005 20251108165041.0
008 250721s2008 xx 000 0 ara d
082 1 4 _aط/ق/تقل
100 1 _aتابري، هاني
245 1 0 _aتقلب المزاج /
264 1 _aبيروت :
_bأكاديميا إنترناشيونال،
_c2008.
300 _a31ص.
490 0 _aسلسلة القراءة الموجهة : الخطأ و الصواب
650 1 7 _aالاطفال
650 1 7 _aالتعلم
650 1 7 _aالقصص القصيره
653 _aاطفال مرحله متوسطه (6-9) سنوات
942 _2ddc
_cBK
999 _c20937
_d20937